000
00210nam a22000857a 4500
008
161114b xxu||||| |||| 00| 0 eng d
100
_9
1183
_a
Kumar.P
245
_a
Lab-Mathematics-IX
260
_a
New Delhi
_b
Vidya
_c
2012
999
_c
3863
_d
3863